Paradise Lost Books 1 and 2 : Revised edition (Record no. 13284)

MARC details
000 -LEADER
fixed length control field 00485nam a22001817a 4500
003 - CONTROL NUMBER IDENTIFIER
control field OSt
008 - FIXED-LENGTH DATA ELEMENTS--GENERAL INFORMATION
fixed length control field 250414b |||||||| |||| 00| 0 eng d
020 ## - INTERNATIONAL STANDARD BOOK NUMBER
International Standard Book Number 9788125040323
082 ## - DEWEY DECIMAL CLASSIFICATION NUMBER
Classification number 821.4 NAP
100 ## - MAIN ENTRY--PERSONAL NAME
Personal name NABAR, Vrinda and EZEKIEL, Nissim Ed.
245 ## - TITLE STATEMENT
Title Paradise Lost Books 1 and 2 : Revised edition
250 ## - EDITION STATEMENT
Edition statement Ist. ed.
260 ## - PUBLICATION, DISTRIBUTION, ETC. (IMPRINT)
Place of publication, distribution, etc Hyderabad, India,
Name of publisher, distributor, etc Orient BlackSwan,
Date of publication, distribution, etc 2011,
300 ## - PHYSICAL DESCRIPTION
Extent 148 p.
650 ## - SUBJECT ADDED ENTRY--TOPICAL TERM
Topical term or geographic name as entry element English
700 ## - ADDED ENTRY--PERSONAL NAME
Personal name PAUL, Ajanta Ed.
942 ## - ADDED ENTRY ELEMENTS (KOHA)
Source of classification or shelving scheme Dewey Decimal Classification
Koha item type Text Books
Holdings
Withdrawn status Lost status Source of classification or shelving scheme Damaged status Not for loan Collection code Home library Current library Date acquired Source of acquisition Currency Cost, normal purchase price Bill Number Total Checkouts Full call number Acc. no. / Barcode Date last seen Actual Cost, discounted price Bill Date Koha item type Date last borrowed
    Dewey Decimal Classification     B.A Hons. English PIET NCR College Library PIET NCR College Library 11/04/2025 Zafaa Books & Distributers In Rupees 350.00 ZBD0025   821.4 NAP N3892 14/04/2025 245.00 11/04/2025 Reference Books  
    Dewey Decimal Classification     B.A Hons. English PIET NCR College Library PIET NCR College Library 11/04/2025 Zafaa Books & Distributers In Rupees 350.00 ZBD0025 1 821.4 NAP N3893 19/09/2025 245.00 11/04/2025 Text Books 08/09/2025
    Dewey Decimal Classification     B.A Hons. English PIET NCR College Library PIET NCR College Library 11/04/2025 Zafaa Books & Distributers In Rupees 350.00 ZBD0025 2 821.4 NAP N3894 13/10/2025 245.00 11/04/2025 Text Books 29/09/2025

Design & Developed by: PIET Central Library
R70 Miles Stone Pattikalyana Samalkha Panipat 132102
mail ID :- [email protected], Phone No:- 0180-2569700 Ex.216